The nearctic species of Orgilus Haliday, Hymenoptera: Braconidae

Shranjeno v:
Bibliografske podrobnosti
Glavni avtor: Muesebeck, Carl F. W. (Author)
Format: Knjiga
Jezik:angleščina
Izdano: Washington, D.C Smithsonian Institution 1970
Serija:Smithsonian Contributions to Zoology, 30
Teme:
Oznake: Označite
Brez oznak, prvi označite!

MARC

LEADER 00000nam a2200000 a 4500
001 UCL7432
003 CL-VaPUC
008 040520e19700000US |||||||||||||||||eng|d
082 0 4 |a 595.79  |b MUE  |2 21 
100 |a Muesebeck, Carl F. W.  |e author  |9 485282 
245 1 4 |a The nearctic species of Orgilus Haliday, Hymenoptera: Braconidae 
300 |a 104 p 
942 |c BK 
945 |d 20040520 00:00:00  |a cmena 
260 |a Washington, D.C  |b Smithsonian Institution  |c 1970 
650 0 |a Himenópteros  |9 331931 
650 0 |a Insectos   |9 264174 
650 0 |a Distribución geográfica  |9 260005 
650 7 |a ESPECIES  |2 CL-VaPUC  |9 331928 
583 |a last modification  |c 20040520 00:00:00  |k Rodrigo Vera 
490 0 |a Smithsonian Contributions to Zoology, 30 
999 |c 309175  |d 309173